000 00409nam a2200181Ia 4500
005 20250425162037.0
008 250425s9999 xx 000 0 und d
041 _aspa
082 _a604.2
245 0 _aFOLLETO DE DIBUJO MECANICO
250 _a1A ED.
260 _aEcuador
_bESPOL. FIMCP
_c2001
260 _aGUAYAQUIL
300 _a44
650 _aDIBUJO MECANICO
942 _c01
010 _a42257
999 _c221212
_d221212